书目信息 |
| 题名: |
相处之道
|
|
| 作者: | 王小丹 著 | |
| 分册: | ||
| 出版信息: | 北京 中华工商联合出版社有限责任公司 2024.03 |
|
| 页数: | 233页 | |
| 开本: | 21cm | |
| 丛书名: | ||
| 单 册: | ||
| 中图分类: | C912.11 | |
| 科图分类: | ||
| 主题词: | 人际关系--通俗读物 | |
| 电子资源: | ||
| ISBN: | 978-7-5158-3869-4 | |
| 000 | 00762nam0 2200229 450 | |
| 001 | 012837642 | |
| 005 | 20251022161041.64 | |
| 010 | @a978-7-5158-3869-4@dCNY49.00 | |
| 100 | @a20240328d2024 em y0chiy0120 ea | |
| 101 | 0 | @achi |
| 102 | @aCN@b110000 | |
| 105 | @ay z 000yy | |
| 106 | @ar | |
| 200 | 1 | @a相处之道@9xiang chu zhi dao@f王小丹著 |
| 210 | @a北京@c中华工商联合出版社有限责任公司@d2024.03 | |
| 215 | @a233页@d21cm | |
| 330 | @a本书共分8章,内容包括:自我相处之道、天人相处之道、自我修炼之道、内心修炼之道1、内心修练之道2,能力修炼之道1、能力修炼之道2、与人相处之道。 | |
| 606 | 0 | @a人际关系@j通俗读物 |
| 690 | @aC912.11@v5 | |
| 701 | 0 | @a王小丹@9wang xiao dan@4著 |
| 801 | 0 | @aCN@c20250909 |
| 905 | @a河南城建学院图书馆@dC912.11@eW380@ZW380@f1 | |
| 相处之道/王小丹著.-北京:中华工商联合出版社有限责任公司,2024.03 |
| 233页;21cm |
| ISBN 978-7-5158-3869-4:CNY49.00 |
| 本书共分8章,内容包括:自我相处之道、天人相处之道、自我修炼之道、内心修炼之道1、内心修练之道2,能力修炼之道1、能力修炼之道2、与人相处之道。 |
| ● |
| 相关链接 |
|
|
|
正题名:相处之道
索取号:C912.11/W380
 
预约/预借
| 序号 | 登录号 | 条形码 | 馆藏地/架位号 | 状态 | 备注 |
| 1 | 1633017 | 216330174 | 社科库509/509社科库 58排7列2层/ [索取号:C912.11/W380] | 在馆 |